Wavelength Scale Calibration and Related Problems

Bibliographic Details
Main Author: Nemeček, Rastislav (Author)
Format: Article
Language:English
ISBN:8096844962

MARC

LEADER 00000naa a2200000uu 4500
001 vtls011056347
003 SK-MaSNL
005 20260302113710.0
008 210907|2001 xo |||||||||||||||||eng|
015 |a SNBRA 
035 |a (urnnbn)urn:nbn:sk:snk:ar-a0byxu 
035 |a (uuid)bae41971-b7bd-4547-9ad2-ec283c387631 
035 |a urn:nbn:sk:snk-aav5kw 
040 |a SNKBUCL  |b slo  |c SNKBUCL  |e AACR2 
041 0 |a eng 
044 |a xo  |c SK 
100 1 |a Nemeček, Rastislav  |4 aut  |9 794650 
245 1 0 |a Wavelength Scale Calibration and Related Problems  |c Rastislav Nemeček 
773 0 |t Metrological aspects of the quality assurance - accreditation and certification in new millenium  |d Bratislava : Grafické štúdio - Peter Juriga, 2001  |g S. 110-116  |z 8096844962 
958 |a OND 
958 |a article12 
958 |a chapter 
999 |c 1256621  |d 1258551